Valitse oikea Lapin kunta kartalta - Statistics

Yleistilastot
  • Tätä visaa on pelattu 239 kertaa
  • Keskiarvotulos 15 / 21
Vastaukset kartalla
Vastauksille on annettu kartalla punavihreä väri sen mukaan, kuinka moni on saanut sen oikein.
 
Vastaustilastot
Vastaus % Oikein
Inari
86%
Enontekiö
83%
Rovaniemi
82%
Utsjoki
77%
Tornio
75%
Kittilä
74%
Sodankylä
74%
Kemi
73%
Ylitornio
73%
Kolari
68%
Muonio
68%
Salla
68%
Ranua
67%
Savukoski
66%
Keminmaa
65%
Kemijärvi
64%
Simo
64%
Pello
63%
Tervola
60%
Posio
59%
Pelkosenniemi
58%
Ehtoja vastaavia visoja ei löytynyt
Tulosjakauma
Jokaisen tuloksen saaneiden osuus
Persentiili vastausten määrän mukaan
Tuloshistoriasi
Et ole pelannut tätä visaa